000 00902nas a2200301 4500
001 BR0809327
003 BR-BrBNA
005 20231205112529.0
007 ta
008 230509b bl.|||p| |||| 00| 00por d
040 _aBR-BrBNA
_bpor
_cBiblioteca Nacional de Agricultura
041 _a(Pt)
072 _aQ04
100 1 _aCarneiro, A.A.J.
100 1 _aAlves-Prado, H.F.
100 1 _aGomes, E.
100 1 _aSilva, R. da
245 1 _aEscurecimento eznimático em alimentos: ciclodextrinas como agente antiescurecimento
650 _aALIMENTO
650 _aTECNOLOGIA DE ALIMENTO
650 _aARMAZENAMENTO
650 _aPROPRIEDADE ORGANOLÉPTICA
650 _aESCURECIMENTO
650 _aENZIMA
773 0 _tAlimentos e Nutrição (Brazil)
_xISSN 0103-4235
_g(Jul-Sep 2006), v. 17(3) p. 345-352
_wBR0809327
909 _a202311
_bLúcia
_c55
_dLúcia Elande
942 _2AGRIS
_n0
_cANA
999 _c198533
_d198533